000 00244nam a22000977a 4500
020 _a0534400337
050 _aQA 154 .S78 2004
100 _aKAREN SCHWITTERS
245 _aSTUUDENTS SOLUTION MANUAL,ALGEBRA FOR COLLEGE STUDENTS
942 _2lcc
_cGEN
999 _c12343
_d12343